Freud y el porvenir
Gorde:
| Egile nagusia: | |
|---|---|
| Formatua: | Liburua |
| Hizkuntza: | gaztelania |
| Argitaratua: |
Buenos Aires
Panapress
1937
|
| Gaiak: | |
| Etiketak: |
Etiketa erantsi
Etiketarik gabe, Izan zaitez lehena erregistro honi etiketa jartzen!
|
MARC
| LEADER | 00000cam a2200000 a 4500 | ||
|---|---|---|---|
| 001 | UCF9383 | ||
| 003 | CL-VaPUC | ||
| 008 | 131115e19370000ag |||||||||||||||||spa|d | ||
| 082 | 0 | 4 | |a 834 |b MAN |2 21 |
| 100 | |a Mann, Thomas |e autor |9 338731 | ||
| 245 | 1 | 0 | |a Freud y el porvenir |
| 300 | |a 76 p | ||
| 942 | |c BK | ||
| 945 | |d 20131115 14:49:00 |a dcastane | ||
| 260 | |a Buenos Aires |b Panapress |c 1937 | ||
| 650 | 7 | |a ENSAYOS ALEMANES |2 CL-VaPUC |9 265772 | |
| 650 | 0 | |a Literatura alemana |9 265457 | |
| 583 | |a last modification |c 20131115 14:49:00 |k Rodrigo Vera | ||
| 999 | |c 353829 |d 353827 | ||
| 952 | |0 0 |1 0 |3 erb |4 0 |6 834_000000000000000_MAN_1937 |7 0 |8 P |9 459236 |a BIBEDU |b BIBEDU |c BIBEDU_PB |i 5008077 |o 834 MAN 1937 |p 5008077 |r 2024-01-25 |w 2019-11-23 |y BK |z Catalogado en:20131115 |k PSI | ||